00801nam a2200205 a 4500001000900000005001700009008004100026041000800067044000700075050002000082245021200102260004700314300001600361440002300377500004300400500005900443651004600502651002400548700002300572BRL_189920190320211426.0130815s19uu----mx-#######---#100-0#spa-# aspa amx 4aE111b.C37 190010aCartas de relación de la conquista de Américabtextos originales de las cartas de Colón, Cortés, Alvarado, Godoy, Ulloa, Alvar Núñez y Valdiviacrevisados y anotados por el Dr. Julio Le Riverend. aMéxicobEditorial Nueva Españac[19--] a2v.c18 cm. 0aColección Atenea av.1 Au1923, v.1 ej.2 Au1918 v.2 Au1924 aLa biblioteca cuenta con dos ejemplares del volumen 1. 4aAméricaxDescubrimiento y exploración 4aAméricaxHistoria1 aLe Riverend, Julio